| 000 | 00815nam a2200253Ia 4500 | ||
|---|---|---|---|
| 003 | OSt | ||
| 005 | 20220928113044.0 | ||
| 006 | a|||||r|||| 00| 0 | ||
| 007 | ta | ||
| 008 | 220927b |||||||| |||| 00| 0 eng d | ||
| 020 | _cINR 995.00 | ||
| 024 | _a137271 | ||
| 037 |
_b278, 06/02/2018, Bookwell Publications _cReports / Technical Reports |
||
| 040 |
_aSDCL _cSDCL _beng |
||
| 041 |
_2eng _aeng |
||
| 082 | _aX:77n2,P17, Q8 | ||
| 100 |
_aDev S. Mahendra Ed. _9431446 |
||
| 245 | 0 | _aIndian development report 2017 | |
| 260 |
_aNew Delhi _bOxford University Press _c2018 |
||
| 300 |
_aVarious Pagenation _ccm. |
||
| 650 | _aReference | ||
| 942 |
_hX:77n2,P17, Q8 _cREP _2CC |
||
| 999 |
_c747888 _d747888 |
||